Central Library OPAC University of Rajshahi

مفتاح الكنوز : فهرست مخطوطات عربي مكتبة خدا بخش الشرقية العامة ;; miftah alkunuz : faharasat makhtutat earabiun maktabatan khadana bikhash alsharqiat aleama / / (Record no. 83171)

MARC details
000 -LEADER
fixed length control field 00838nam a2200217 a 4500
001 - CONTROL NUMBER
control field 83171
003 - CONTROL NUMBER IDENTIFIER
rucl marc code BD-RjUL
005 - DATE AND TIME OF LATEST TRANSACTION
control field 20240228104024.0
008 - FIXED-LENGTH DATA ELEMENTS--GENERAL INFORMATION
fixed length control field 240228n1965uuuuii 000 0 ara d
035 ## - SYSTEM CONTROL NUMBER
System control number (BD-RjUL)83171
040 ## - CATALOGING SOURCE
Original cataloging agency NNL
Language of cataloging ara
Transcribing agency BD-RjUL
041 ## - LANGUAGE CODE
Language code of text/sound track or separate title ara
082 ## - DEWEY DECIMAL CLASSIFICATION NUMBER
Edition number 23
Classification number 016.091297
Author mark and year SHM 1965
100 ## - MAIN ENTRY--PERSONAL NAME
Personal name شير، سيد أطهر ;; Sher, Syed Athar
9 (RLIN) 11945
245 10 - TITLE STATEMENT
Title مفتاح الكنوز : فهرست مخطوطات عربي مكتبة خدا بخش الشرقية العامة ;; miftah alkunuz : faharasat makhtutat earabiun maktabatan khadana bikhash alsharqiat aleama / /
Statement of responsibility, etc. سيد اطهر شير ;;Syed Athar Sher
260 ## - PUBLICATION, DISTRIBUTION, ETC. (IMPRINT)
Place of publication, distribution, etc. پتنه :
Name of publisher, distributor, etc. دريونين پريس.
Date of publication, distribution, etc. 1965
300 ## - PHYSICAL DESCRIPTION
Pagination ١ ج.جلد 3.
505 ## - FORMATTED CONTENTS NOTE
Formatted contents note Vol. 3.--
650 #4 - SUBJECT ADDED ENTRY--TOPICAL TERM
Topical term or geographic name as entry element Manuscripts, Oriental
Form subdivision Catalogs
9 (RLIN) 11946
942 ## - ADDED ENTRY ELEMENTS (KOHA)
Source of classification or shelving scheme Dewey Decimal Classification
Koha item type Books
Holdings
Lost status Source of classification or shelving scheme Damaged status Not for loan Collection code Permanent Location Current Location Shelving location Date acquired Total Checkouts Full call number Date last seen Copy number Koha item type
  Dewey Decimal Classification   Not For Loan Non-fiction Central Library, University of Rajshahi Central Library, University of Rajshahi Reading Room 28/02/2024   A 016.091297 SHM 1965 28/02/2024 C-1 Books